[Event "DEM U16 2021"]
[Site "Willingen GER"]
[Date "2021.08.28"]
[Round "8"]
[White "Bornholdt, Joa Max"]
[Black "Kulm, Justin"]
[Result "1-0"]
[Termination "normal"]
[Board "12"]
[WhiteElo "1993"]
[BlackElo "1628"]
[WhiteClock "00:07:33"]
[BlackClock "00:00:39"]
[PlyCount "121"]
[WhiteFideId "16253477"]
[BlackFideId "34603565"]
[EventCountry "GER"]
[EventRounds "9"]
[EventType "swiss"]
[EventDate "2021.08.22"]

1. e4 {[%clk 1:30:51]} c5 {[%clk 1:30:50]} 2. Nf3 {[%clk 1:31:13]} Nc6 {[%clk
1:31:08]} 3. d4 {[%clk 1:31:37]} cxd4 {[%clk 1:31:29]} 4. Nxd4 {[%clk 1:31:59]}
Nf6 {[%clk 1:31:52]} 5. Nc3 {[%clk 1:32:22]} e5 {[%clk 1:32:17]} 6. Ndb5 {[%clk
1:32:44]} d6 {[%clk 1:32:42]} 7. Bg5 {[%clk 1:32:53]} a6 {[%clk 1:33:04]} 8.
Na3 {[%clk 1:33:17]} b5 {[%clk 1:33:30]} 9. Bxf6 {[%clk 1:33:35]} gxf6 {[%clk
1:33:52]} 10. Nd5 {[%clk 1:33:20]} f5 {[%clk 1:34:15]} 11. Bd3 {[%clk 1:33:17]}
Be6 {[%clk 1:34:10]} 12. c3 {[%clk 1:33:32]} Bxd5 {[%clk 1:33:10]} 13. exd5
{[%clk 1:33:47]} Ne7 {[%clk 1:33:27]} 14. Nxb5 {[%clk 1:34:02]} Bg7 {[%clk
1:30:04]} 15. Na3 {[%clk 1:33:55]} O-O {[%clk 1:25:35]} 16. O-O {[%clk
1:34:14]} f4 {[%clk 1:22:13]} 17. Kh1 {[%clk 1:25:23]} f5 {[%clk 1:17:59]} 18.
f3 {[%clk 1:23:27]} Kh8 {[%clk 1:14:42]} 19. Bc2 {[%clk 1:19:02]} Qe8 {[%clk
1:09:32]} 20. Rf2 {[%clk 1:11:59]} Qh5 {[%clk 1:04:36]} 21. Rd2 {[%clk
1:07:21]} Rf6 {[%clk 1:00:28]} 22. Qg1 {[%clk 0:55:10]} Rh6 {[%clk 0:53:21]}
23. Rf1 {[%clk 0:52:31]} Qh4 {[%clk 0:44:30]} 24. c4 {[%clk 0:43:40]} Rb8
{[%clk 0:30:50]} 25. b3 {[%clk 0:39:57]} Bf6 {[%clk 0:22:21]} 26. c5 {[%clk
0:35:43]} dxc5 {[%clk 0:21:27]} 27. Nc4 {[%clk 0:32:28]} e4 {[%clk 0:13:12]}
28. fxe4 {[%clk 0:30:01]} fxe4 {[%clk 0:07:36]} 29. Bxe4 {[%clk 0:29:31]} Bd4
{[%clk 0:06:04]} 30. Rxd4 {[%clk 0:29:32]} cxd4 {[%clk 0:06:24]} 31. d6 {[%clk
0:28:17]} Ng8 {[%clk 0:02:52]} 32. Qxd4+ {[%clk 0:28:02]} Nf6 {[%clk 0:02:58]}
33. h3 {[%clk 0:27:40]} f3 {[%clk 0:02:13]} 34. Nd2 {[%clk 0:21:43]} fxg2+
{[%clk 0:01:37]} 35. Kxg2 {[%clk 0:22:11]} Rg8+ {[%clk 0:01:15]} 36. Kf3 {[%clk
0:22:39]} Qxh3+ {[%clk 0:00:41]} 37. Ke2 {[%clk 0:22:42]} Qg4+ {[%clk 0:00:35]}
38. Kd3 {[%clk 0:22:47]} Qg3+ {[%clk 0:00:37]} 39. Kc2 {[%clk 0:22:28]} Qg7
{[%clk 0:00:40]} 40. Bd3 {[%clk 0:21:47]} Rd8 {[%clk 0:00:34]} 41. Nc4 {[%clk
0:07:14]} Rh2+ {[%clk 0:21:48]} 42. Kb1 {[%clk 0:35:56]} Nd7 {[%clk 0:16:02]}
43. Qf4 {[%clk 0:35:32]} Qg2 {[%clk 0:13:10]} 44. Qd4+ {[%clk 0:34:45]} Qg7
{[%clk 0:10:52]} 45. Qg1 {[%clk 0:31:28]} Rg2 {[%clk 0:08:46]} 46. Qh1 {[%clk
0:28:25]} Nf6 {[%clk 0:04:59]} 47. Qh4 {[%clk 0:23:46]} Rf8 {[%clk 0:04:03]}
48. Ne5 {[%clk 0:23:00]} Nd7 {[%clk 0:02:24]} 49. Rxf8+ {[%clk 0:21:28]} Nxf8
{[%clk 0:02:38]} 50. Qe7 {[%clk 0:21:22]} Rf2 {[%clk 0:00:54]} 51. Qxg7+ {[%clk
0:13:07]} Kxg7 {[%clk 0:01:22]} 52. Bxa6 {[%clk 0:12:12]} h5 {[%clk 0:00:49]}
53. Bc8 {[%clk 0:11:26]} Rd2 {[%clk 0:00:50]} 54. Nc4 {[%clk 0:11:44]} Rd5
{[%clk 0:00:49]} 55. a4 {[%clk 0:10:33]} Kf7 {[%clk 0:00:41]} 56. a5 {[%clk
0:09:37]} Rb5 {[%clk 0:00:51]} 57. Kb2 {[%clk 0:08:31]} Ke8 {[%clk 0:00:36]}
58. a6 {[%clk 0:07:27]} Rb8 {[%clk 0:00:36]} 59. Nb6 {[%clk 0:06:48]} Nd7
{[%clk 0:00:32]} 60. Bxd7+ {[%clk 0:07:07]} Kf7 {[%clk 0:00:39]} 61. a7 {[%clk
0:07:33]} 1-0

[Event "DEM U16 2021"]
[Site "Willingen GER"]
[Date "2021.08.28"]
[Round "8"]
[White "Tovmasyan, Minas"]
[Black "Lohmann, Laurin"]
[Result "1-0"]
[Termination "normal"]
[Board "13"]
[WhiteElo "1869"]
[BlackElo "1810"]
[WhiteClock "00:02:01"]
[BlackClock "00:10:43"]
[PlyCount "123"]
[WhiteFideId "16247620"]
[BlackFideId "16281594"]
[EventCountry "GER"]
[EventRounds "9"]
[EventType "swiss"]
[EventDate "2021.08.22"]

1. d4 {[%clk 1:30:56]} Nf6 {[%clk 1:30:53]} 2. c4 {[%clk 1:31:21]} e6 {[%clk
1:31:18]} 3. Nf3 {[%clk 1:31:46]} d5 {[%clk 1:31:42]} 4. Bg5 {[%clk 1:31:07]}
c6 {[%clk 1:31:35]} 5. cxd5 {[%clk 1:27:55]} exd5 {[%clk 1:31:53]} 6. Qc2
{[%clk 1:26:53]} Be7 {[%clk 1:28:10]} 7. Nc3 {[%clk 1:26:04]} g6 {[%clk
1:27:04]} 8. e3 {[%clk 1:18:56]} Bf5 {[%clk 1:26:31]} 9. Bd3 {[%clk 1:18:23]}
Bxd3 {[%clk 1:25:37]} 10. Qxd3 {[%clk 1:18:46]} Nbd7 {[%clk 1:20:43]} 11. h4
{[%clk 0:51:09]} h6 {[%clk 1:12:22]} 12. Bf4 {[%clk 0:49:09]} Qb6 {[%clk
1:03:05]} 13. O-O-O {[%clk 0:45:27]} O-O-O {[%clk 0:58:37]} 14. Kb1 {[%clk
0:40:45]} Ne8 {[%clk 0:52:47]} 15. Rc1 {[%clk 0:38:23]} Ndf6 {[%clk 0:48:45]}
16. Ne5 {[%clk 0:36:41]} Rh7 {[%clk 0:45:48]} 17. Na4 {[%clk 0:24:34]} Qa5
{[%clk 0:40:31]} 18. Qc2 {[%clk 0:18:35]} Nc7 {[%clk 0:30:57]} 19. g4 {[%clk
0:08:35]} h5 {[%clk 0:25:47]} 20. g5 {[%clk 0:07:24]} Nfe8 {[%clk 0:22:34]} 21.
a3 {[%clk 0:05:05]} Bd6 {[%clk 0:17:44]} 22. Rhd1 {[%clk 0:01:52]} Nb5 {[%clk
0:11:34]} 23. Rd3 {[%clk 0:01:12]} Kb8 {[%clk 0:10:52]} 24. b4 Qa6 {[%clk
0:06:34]} 25. Kb2 {[%clk 0:01:01]} Ka8 {[%clk 0:05:49]} 26. Ra1 {[%clk
0:00:37]} Bxe5 {[%clk 0:05:13]} 27. Bxe5 {[%clk 0:00:54]} Ned6 {[%clk 0:05:23]}
28. Nc5 {[%clk 0:00:36]} Nc4+ {[%clk 0:04:14]} 29. Kc1 {[%clk 0:01:05]} Nbxa3
{[%clk 0:02:01]} 30. Nxa6 {[%clk 0:00:54]} Nxc2 {[%clk 0:02:23]} 31. Nc7+
{[%clk 0:00:49]} Kb8 {[%clk 0:02:52]} 32. Kxc2 {[%clk 0:00:40]} Nxe5 {[%clk
0:03:15]} 33. Na6+ {[%clk 0:00:34]} bxa6 {[%clk 0:02:39]} 34. dxe5 {[%clk
0:01:03]} Rd7 {[%clk 0:01:47]} 35. Rxa6 {[%clk 0:00:54]} Rc7 {[%clk 0:01:58]}
36. Rc3 {[%clk 0:01:02]} Kb7 {[%clk 0:02:13]} 37. Rca3 {[%clk 0:01:32]} Kb8
{[%clk 0:02:28]} 38. Rc3 {[%clk 0:01:09]} Kb7 {[%clk 0:02:51]} 39. Rca3 {[%clk
0:01:37]} Kb8 {[%clk 0:03:00]} 40. Kc3 {[%clk 0:01:35]} Rh8 {[%clk 0:03:03]}
41. Kd4 {[%clk 0:01:35]} Re8 {[%clk 0:02:02]} 42. f4 {[%clk 0:29:22]} Rd8
{[%clk 0:28:46]} 43. Kc5 {[%clk 0:28:38]} Rdc8 {[%clk 0:28:47]} 44. R3a4 {[%clk
0:28:16]} Ka8 {[%clk 0:28:55]} 45. Rb6 {[%clk 0:25:51]} Rd8 {[%clk 0:27:28]}
46. Rxc6 {[%clk 0:03:10]} Rxc6+ {[%clk 0:27:49]} 47. Kxc6 {[%clk 0:03:36]} d4
{[%clk 0:28:11]} 48. exd4 {[%clk 0:00:38]} Rxd4 {[%clk 0:28:32]} 49. f5 {[%clk
0:00:52]} gxf5 {[%clk 0:22:28]} 50. g6 {[%clk 0:01:21]} fxg6 {[%clk 0:22:44]}
51. e6 {[%clk 0:00:56]} Rxh4 {[%clk 0:23:04]} 52. e7 {[%clk 0:00:49]} Re4
{[%clk 0:23:14]} 53. Kd7 {[%clk 0:00:46]} h4 {[%clk 0:18:48]} 54. b5 {[%clk
0:00:38]} Rxa4 {[%clk 0:18:53]} 55. e8=Q+ {[%clk 0:01:07]} Kb7 {[%clk 0:19:12]}
56. Qxg6 {[%clk 0:01:03]} Rd4+ {[%clk 0:14:16]} 57. Ke7 {[%clk 0:01:33]} Re4+
{[%clk 0:13:10]} 58. Kd7 {[%clk 0:01:47]} Rd4+ {[%clk 0:13:15]} 59. Ke7 {[%clk
0:02:16]} Re4+ {[%clk 0:13:33]} 60. Kf7 {[%clk 0:02:43]} Rc4 {[%clk 0:11:42]}
61. Qa6+ {[%clk 0:02:24]} Kc7 {[%clk 0:10:43]} 62. b6+ {[%clk 0:02:01]} 1-0

[Event "DEM U16 2021"]
[Site "Willingen GER"]
[Date "2021.08.28"]
[Round "8"]
[White "Alhamid, Mohamad"]
[Black "Klugstedt, Vincent C."]
[Result "1/2-1/2"]
[Termination "normal"]
[Board "14"]
[WhiteElo "1652"]
[BlackElo "1932"]
[WhiteClock "00:40:57"]
[BlackClock "00:34:14"]
[PlyCount "72"]
[WhiteFideId "16235665"]
[BlackFideId "16216393"]
[EventCountry "GER"]
[EventRounds "9"]
[EventType "swiss"]
[EventDate "2021.08.22"]

1. e4 {[%clk 1:30:58]} c5 {[%clk 1:30:54]} 2. Nf3 {[%clk 1:31:25]} Nc6 {[%clk
1:31:17]} 3. d4 {[%clk 1:31:53]} cxd4 {[%clk 1:31:36]} 4. Nxd4 {[%clk 1:32:21]}
g6 {[%clk 1:31:51]} 5. c4 {[%clk 1:32:48]} Bg7 {[%clk 1:31:40]} 6. Be3 {[%clk
1:33:14]} Nf6 {[%clk 1:31:34]} 7. Nc3 {[%clk 1:33:40]} O-O {[%clk 1:31:04]} 8.
Be2 {[%clk 1:33:51]} d6 {[%clk 1:30:26]} 9. O-O {[%clk 1:34:12]} Bd7 {[%clk
1:30:02]} 10. f4 {[%clk 1:33:02]} Qb6 {[%clk 1:24:07]} 11. Qd3 {[%clk 1:24:11]}
Nxe4 {[%clk 0:58:12]} 12. Nxc6 {[%clk 1:08:24]} Qxc6 {[%clk 0:54:10]} 13. Qxe4
{[%clk 1:07:47]} Qxe4 {[%clk 0:53:27]} 14. Nxe4 {[%clk 1:08:14]} Bxb2 {[%clk
0:53:16]} 15. Rab1 {[%clk 1:07:25]} Bg7 {[%clk 0:53:34]} 16. Kf2 {[%clk
1:07:37]} Bc6 {[%clk 0:51:30]} 17. Bf3 {[%clk 1:07:37]} b6 {[%clk 0:47:53]} 18.
Ng5 {[%clk 1:07:46]} Rac8 {[%clk 0:47:26]} 19. Bxc6 {[%clk 1:08:06]} Rxc6
{[%clk 0:47:50]} 20. Rb4 {[%clk 1:06:36]} Rfc8 {[%clk 0:47:55]} 21. Rc1 {[%clk
1:06:11]} d5 {[%clk 0:47:58]} 22. Nf3 {[%clk 1:06:13]} dxc4 {[%clk 0:47:06]}
23. Nd4 {[%clk 1:05:46]} Bxd4 {[%clk 0:44:51]} 24. Bxd4 {[%clk 1:06:11]} Rd8
{[%clk 0:43:38]} 25. Rbxc4 {[%clk 1:06:01]} Rxc4 {[%clk 0:43:40]} 26. Rxc4
{[%clk 1:06:12]} b5 {[%clk 0:43:46]} 27. Rb4 {[%clk 1:06:26]} a5 {[%clk
0:44:01]} 28. Bb6 {[%clk 1:06:41]} Rd2+ {[%clk 0:43:53]} 29. Ke3 {[%clk
1:06:07]} Rxa2 {[%clk 0:43:34]} 30. Rxb5 {[%clk 1:03:50]} Rxg2 {[%clk 0:43:31]}
31. Bd4 {[%clk 1:04:07]} f6 {[%clk 0:43:12]} 32. Rb2 {[%clk 1:04:19]} Rxb2
{[%clk 0:42:17]} 33. Bxb2 {[%clk 1:04:45]} Kf7 {[%clk 0:41:10]} 34. Ke4 {[%clk
0:55:54]} e6 {[%clk 0:37:17]} 35. h4 {[%clk 0:54:00]} h6 {[%clk 0:37:14]} 36.
Kf3 {[%clk 0:40:57]} Ke7 {[%clk 0:34:14]} 1/2-1/2

[Event "DEM U16 2021"]
[Site "Willingen GER"]
[Date "2021.08.29"]
[Round "9"]
[White "Bethke, Richard"]
[Black "Hommer, Jeremy"]
[Result "1/2-1/2"]
[Termination "normal"]
[Board "1"]
[WhiteTitle "FM"]
[WhiteElo "2337"]
[BlackElo "2172"]
[WhiteClock "00:02:29"]
[BlackClock "00:07:07"]
[PlyCount "135"]
[WhiteFideId "12959243"]
[BlackFideId "12992577"]
[EventCountry "GER"]
[EventRounds "9"]
[EventType "swiss"]
[EventDate "2021.08.22"]

1. e4 e6 2. d4 d5 3. Nc3 Nf6 4. Bg5 dxe4 5. Nxe4 Be7 6. Bxf6 Bxf6 7. Nf3 O-O 8.
Qd2 b6 9. O-O-O Bb7 10. Qf4 Nd7 11. h4 Bxe4 12. Qxe4 Qe7 13. Bb5 Rad8 14. g4 g6
15. Kb1 Bg7 16. g5 Qd6 17. h5 Qd5 18. Qxd5 exd5 19. h6 Bh8 20. Rhe1 Nb8 21. Re7
c6 22. Bf1 Rfe8 23. Rxa7 Re4 24. a4 Rd7 25. Ra8 Rd8 26. b4 f6 27. a5 bxa5 28.
bxa5 fxg5 29. Nxg5 Ree8 30. Bh3 Nd7 31. Be6+ Kf8 32. Nxh7+ Ke7 33. Bxd7 Rxa8
34. Bxe8 Kxe8 35. Ng5 Rxa5 36. Re1+ Kd7 37. c3 c5 38. Ne6 cxd4 39. Nf8+ Kd6 40.
Re6+ Kc5 41. cxd4+ Bxd4 42. Rxg6 Kc4 43. Ne6 Ra1+ 44. Kc2 Ra2+ 45. Kd1 Ra1+ 46.
Ke2 Ra2+ 47. Kf3 Rxf2+ 48. Kg4 Rg2+ 49. Kf5 Rf2+ 50. Nf4 Be3 51. Rg4 d4 52. h7
Rh2 53. Ng2 Rxh7 54. Nxe3+ Kd3 55. Nd5 Rh5+ 56. Ke6 Rh6+ 57. Ke5 Rh5+ 58. Kd6
Kc4 59. Nf4 Rh2 60. Ke5 d3 61. Nd5+ Kc5 62. Ne3 Re2 63. Kf4 d2 64. Rg5+ Kc6 65.
Rg6+ Kc5 66. Rg5+ Kc6 67. Rg1 Re1 68. Rg6+ 1/2-1/2

[Event "DEM U16 2021"]
[Site "Willingen GER"]
[Date "2021.08.29"]
[Round "9"]
[White "Laux, Dominik"]
[Black "Colbow, Collin"]
[Result "1/2-1/2"]
[Termination "normal"]
[Board "2"]
[BlackTitle "FM"]
[WhiteElo "2085"]
[BlackElo "2356"]
[WhiteClock "00:06:33"]
[BlackClock "00:01:11"]
[PlyCount "110"]
[WhiteFideId "12994219"]
[BlackFideId "16201132"]
[EventCountry "GER"]
[EventRounds "9"]
[EventType "swiss"]
[EventDate "2021.08.22"]

1. d4 {[%clk 1:30:22]} Nf6 {[%clk 1:30:51]} 2. c4 {[%clk 1:30:04]} e6 {[%clk
1:30:35]} 3. Nc3 {[%clk 1:30:02]} d5 {[%clk 1:28:29]} 4. cxd5 {[%clk 1:28:51]}
exd5 {[%clk 1:28:26]} 5. Bg5 {[%clk 1:28:39]} Be7 {[%clk 1:27:52]} 6. e3 {[%clk
1:28:02]} O-O {[%clk 1:26:19]} 7. Bd3 {[%clk 1:27:05]} c5 {[%clk 1:14:16]} 8.
Nf3 {[%clk 1:19:46]} c4 {[%clk 1:08:18]} 9. Bc2 {[%clk 1:15:13]} Be6 {[%clk
1:00:06]} 10. O-O {[%clk 1:11:06]} h6 {[%clk 0:51:44]} 11. Bxf6 {[%clk
1:01:39]} Bxf6 {[%clk 0:52:08]} 12. Ne5 {[%clk 1:00:37]} Bxe5 {[%clk 0:45:56]}
13. dxe5 {[%clk 1:00:27]} Nc6 {[%clk 0:46:16]} 14. f4 {[%clk 0:57:59]} d4
{[%clk 0:43:08]} 15. exd4 {[%clk 0:56:35]} Qxd4+ {[%clk 0:40:45]} 16. Qxd4
{[%clk 0:55:16]} Nxd4 {[%clk 0:41:11]} 17. Be4 {[%clk 0:54:49]} Bf5 {[%clk
0:35:57]} 18. Bxf5 {[%clk 0:46:50]} Nxf5 {[%clk 0:36:22]} 19. Nd5 {[%clk
0:44:30]} Rfd8 {[%clk 0:34:10]} 20. Rfd1 {[%clk 0:44:09]} Kf8 {[%clk 0:26:30]}
21. Kf2 {[%clk 0:44:15]} Rac8 {[%clk 0:25:44]} 22. g4 {[%clk 0:36:54]} Ne7
{[%clk 0:25:22]} 23. Ne3 {[%clk 0:33:35]} Rxd1 {[%clk 0:20:51]} 24. Rxd1 {[%clk
0:33:51]} Ke8 {[%clk 0:20:59]} 25. Kf3 {[%clk 0:27:34]} c3 {[%clk 0:14:05]} 26.
b4 {[%clk 0:16:28]} Nc6 {[%clk 0:09:33]} 27. Nc2 {[%clk 0:16:05]} a5 {[%clk
0:07:54]} 28. a3 {[%clk 0:14:03]} axb4 {[%clk 0:07:32]} 29. axb4 {[%clk
0:13:45]} g5 {[%clk 0:06:28]} 30. Rd3 {[%clk 0:08:23]} gxf4 {[%clk 0:05:20]}
31. Kxf4 {[%clk 0:08:47]} Nd8 {[%clk 0:05:14]} 32. Ke3 {[%clk 0:06:14]} Ne6
{[%clk 0:05:23]} 33. Rd6 {[%clk 0:05:42]} Rc4 {[%clk 0:04:22]} 34. h3 {[%clk
0:05:51]} h5 {[%clk 0:02:26]} 35. gxh5 {[%clk 0:04:45]} Rh4 {[%clk 0:02:51]}
36. Rb6 {[%clk 0:04:48]} Rxh3+ {[%clk 0:01:40]} 37. Ke4 {[%clk 0:04:49]} Rh2
{[%clk 0:01:52]} 38. Ne3 {[%clk 0:02:37]} Re2 {[%clk 0:00:51]} 39. Kd3 {[%clk
0:02:17]} Nf4+ {[%clk 0:00:55]} 40. Kxc3 {[%clk 0:02:40]} Rxe3+ {[%clk
0:01:00]} 41. Kd4 {[%clk 0:02:17]} Re1 {[%clk 0:28:58]} 42. Rxb7 {[%clk
0:28:22]} Nxh5 {[%clk 0:27:45]} 43. b5 {[%clk 0:24:40]} Nf4 {[%clk 0:27:13]}
44. Rb8+ {[%clk 0:24:09]} Ke7 {[%clk 0:23:14]} 45. Rb7+ {[%clk 0:24:35]} Ke6
{[%clk 0:23:35]} 46. Rb6+ {[%clk 0:24:55]} Ke7 {[%clk 0:23:58]} 47. Rb7+ {[%clk
0:25:20]} Kf8 {[%clk 0:24:25]} 48. Rb8+ {[%clk 0:25:24]} Kg7 {[%clk 0:24:49]}
49. b6 {[%clk 0:23:15]} Rb1 {[%clk 0:12:08]} 50. Kc5 {[%clk 0:15:50]} Nd3+
{[%clk 0:03:19]} 51. Kd6 {[%clk 0:15:19]} Nb2 {[%clk 0:02:00]} 52. Kd5 {[%clk
0:09:14]} Na4 {[%clk 0:02:23]} 53. b7 {[%clk 0:07:45]} Rb6 {[%clk 0:00:34]} 54.
Ra8 {[%clk 0:07:26]} Nc3+ {[%clk 0:00:57]} 55. Kc4 {[%clk 0:06:33]} Rxb7 {[%clk
0:01:11]} 1/2-1/2

[Event "DEM U16 2021"]
[Site "Willingen GER"]
[Date "2021.08.29"]
[Round "9"]
[White "Bui, Bao Anh Le"]
[Black "Milare, Tyron"]
[Result "0-1"]
[Termination "normal"]
[Board "3"]
[WhiteElo "2179"]
[BlackElo "2161"]
[WhiteClock "00:01:46"]
[BlackClock "00:24:48"]
[PlyCount "132"]
[WhiteFideId "12970719"]
[BlackFideId "12987018"]
[EventCountry "GER"]
[EventRounds "9"]
[EventType "swiss"]
[EventDate "2021.08.22"]

1. e4 {[%clk 1:30:33]} c5 {[%clk 1:30:34]} 2. Nf3 {[%clk 1:30:51]} d6 {[%clk
1:30:58]} 3. c3 {[%clk 1:31:13]} Nf6 {[%clk 1:30:55]} 4. h3 {[%clk 1:31:36]}
Nc6 {[%clk 1:28:52]} 5. Bd3 {[%clk 1:31:34]} e5 {[%clk 1:27:46]} 6. O-O {[%clk
1:31:25]} Be7 {[%clk 1:27:55]} 7. Bc2 {[%clk 1:31:41]} O-O {[%clk 1:28:18]} 8.
d4 {[%clk 1:31:56]} Qc7 {[%clk 1:28:40]} 9. d5 {[%clk 1:31:57]} Nb8 {[%clk
1:27:36]} 10. c4 {[%clk 1:31:57]} h6 {[%clk 1:20:02]} 11. Nc3 {[%clk 1:31:27]}
Nh7 {[%clk 1:18:54]} 12. Bd3 {[%clk 1:12:58]} Na6 {[%clk 1:14:25]} 13. Nh2
{[%clk 0:59:19]} Bg5 {[%clk 1:06:09]} 14. f4 {[%clk 0:51:26]} Bxf4 {[%clk
1:05:27]} 15. Bxf4 {[%clk 0:51:48]} exf4 {[%clk 1:05:53]} 16. Rxf4 {[%clk
0:51:59]} Qe7 {[%clk 1:02:31]} 17. a3 {[%clk 0:40:28]} Bd7 {[%clk 0:58:31]} 18.
Qc2 {[%clk 0:25:25]} Nf6 {[%clk 0:46:33]} 19. Raf1 {[%clk 0:23:25]} Nh5 {[%clk
0:44:15]} 20. R4f3 {[%clk 0:23:23]} Nc7 {[%clk 0:40:01]} 21. Qd2 {[%clk
0:16:27]} Qg5 {[%clk 0:32:41]} 22. Qf2 {[%clk 0:14:29]} Qe7 {[%clk 0:29:32]}
23. Kh1 {[%clk 0:05:04]} Ne8 {[%clk 0:26:36]} 24. Ne2 {[%clk 0:04:22]} Nhf6
{[%clk 0:25:18]} 25. Qh4 {[%clk 0:02:30]} Nxd5 {[%clk 0:23:03]} 26. Qf2 {[%clk
0:01:25]} Ndf6 {[%clk 0:22:52]} 27. Nc3 {[%clk 0:01:20]} Be6 {[%clk 0:22:51]}
28. Re3 {[%clk 0:01:20]} Nd7 {[%clk 0:19:44]} 29. Nd5 {[%clk 0:01:13]} Qd8
{[%clk 0:20:07]} 30. Nf4 {[%clk 0:01:06]} Nef6 {[%clk 0:19:42]} 31. Nf3 {[%clk
0:01:05]} Ne5 {[%clk 0:14:44]} 32. Nxe5 {[%clk 0:01:23]} dxe5 {[%clk 0:15:09]}
33. Nd5 {[%clk 0:01:50]} Bxd5 {[%clk 0:15:06]} 34. exd5 {[%clk 0:02:13]} Qd6
{[%clk 0:14:53]} 35. Qf5 {[%clk 0:02:15]} Rae8 {[%clk 0:14:26]} 36. g4 {[%clk
0:02:22]} Re7 {[%clk 0:07:59]} 37. h4 {[%clk 0:02:06]} e4 {[%clk 0:06:49]} 38.
g5 {[%clk 0:00:43]} exd3 {[%clk 0:06:25]} 39. Rxe7 {[%clk 0:01:05]} Qxe7 {[%clk
0:06:52]} 40. gxf6 {[%clk 0:01:25]} Qxf6 {[%clk 0:07:16]} 41. Qxf6 {[%clk
0:28:08]} gxf6 {[%clk 0:37:40]} 42. Rd1 {[%clk 0:28:20]} Re8 {[%clk 0:36:52]}
43. Rxd3 {[%clk 0:25:22]} Kf8 {[%clk 0:36:34]} 44. d6 {[%clk 0:12:35]} Re1+
{[%clk 0:34:36]} 45. Kg2 {[%clk 0:12:23]} Ke8 {[%clk 0:34:09]} 46. d7+ {[%clk
0:07:55]} Kd8 {[%clk 0:34:30]} 47. Kf3 {[%clk 0:07:30]} Re7 {[%clk 0:30:02]}
48. Rd6 {[%clk 0:06:25]} Rxd7 {[%clk 0:30:26]} 49. Rxf6 {[%clk 0:06:43]} Ke7
{[%clk 0:30:46]} 50. Rxh6 {[%clk 0:05:56]} Rd3+ {[%clk 0:31:06]} 51. Ke4 {[%clk
0:03:59]} Rd4+ {[%clk 0:31:29]} 52. Ke5 {[%clk 0:04:10]} Rxc4 {[%clk 0:31:51]}
53. h5 {[%clk 0:04:15]} Rc2 {[%clk 0:31:50]} 54. Rh8 {[%clk 0:04:21]} Rxb2
{[%clk 0:31:21]} 55. h6 {[%clk 0:04:46]} Re2+ {[%clk 0:30:07]} 56. Kd5 {[%clk
0:04:47]} Rh2 {[%clk 0:25:21]} 57. Kxc5 {[%clk 0:04:30]} Kf6 {[%clk 0:25:45]}
58. h7 {[%clk 0:02:50]} Kg6 {[%clk 0:23:56]} 59. Rb8 {[%clk 0:00:46]} b6+
{[%clk 0:24:05]} 60. Kb5 {[%clk 0:00:57]} Rxh7 {[%clk 0:24:03]} 61. Rg8+ {[%clk
0:00:58]} Rg7 {[%clk 0:24:07]} 62. Rd8 {[%clk 0:01:09]} f5 {[%clk 0:24:28]} 63.
a4 {[%clk 0:01:31]} f4 {[%clk 0:24:40]} 64. Ka6 {[%clk 0:01:45]} f3 {[%clk
0:24:47]} 65. Rd1 {[%clk 0:01:44]} Kf5 {[%clk 0:24:25]} 66. Rf1 {[%clk
0:01:46]} Kf4 {[%clk 0:24:48]} 0-1

[Event "DEM U16 2021"]
[Site "Willingen GER"]
[Date "2021.08.29"]
[Round "9"]
[White "Lutz, Ruben"]
[Black "Pubantz, Jan"]
[Result "0-1"]
[Termination "normal"]
[Board "4"]
[WhiteElo "2108"]
[BlackElo "2268"]
[WhiteClock "00:01:39"]
[BlackClock "00:06:09"]
[PlyCount "132"]
[WhiteFideId "12975974"]
[BlackFideId "12996114"]
[EventCountry "GER"]
[EventRounds "9"]
[EventType "swiss"]
[EventDate "2021.08.22"]

1. d4 {[%clk 1:30:57]} d5 {[%clk 1:30:57]} 2. c4 {[%clk 1:31:18]} c6 {[%clk
1:31:20]} 3. Nf3 {[%clk 1:31:33]} Nf6 {[%clk 1:31:44]} 4. Nc3 {[%clk 1:31:50]}
e6 {[%clk 1:31:46]} 5. Bg5 {[%clk 1:32:05]} h6 {[%clk 1:31:36]} 6. Bh4 {[%clk
1:32:24]} dxc4 {[%clk 1:28:41]} 7. e4 {[%clk 1:32:38]} Be7 {[%clk 1:24:44]} 8.
e5 {[%clk 1:23:18]} Nd5 {[%clk 1:24:31]} 9. Bxe7 {[%clk 1:23:42]} Qxe7 {[%clk
1:24:29]} 10. Bxc4 {[%clk 1:23:58]} Qb4 {[%clk 1:23:07]} 11. Qb3 {[%clk
1:19:24]} Qxb3 {[%clk 1:22:58]} 12. Bxb3 {[%clk 1:19:33]} b6 {[%clk 1:03:24]}
13. O-O {[%clk 1:13:42]} Ke7 {[%clk 1:01:14]} 14. Nd2 {[%clk 1:03:06]} Ba6
{[%clk 0:54:49]} 15. Rfd1 {[%clk 1:01:31]} Nxc3 {[%clk 0:51:34]} 16. bxc3
{[%clk 1:01:56]} Be2 {[%clk 0:46:14]} 17. Re1 {[%clk 0:59:08]} Bd3 {[%clk
0:46:38]} 18. Rad1 {[%clk 0:52:37]} Rd8 {[%clk 0:44:23]} 19. Nf1 {[%clk
0:49:11]} Bxf1 {[%clk 0:40:09]} 20. Kxf1 {[%clk 0:49:35]} Na6 {[%clk 0:39:46]}
21. c4 {[%clk 0:45:06]} Nc7 {[%clk 0:37:55]} 22. Re2 {[%clk 0:38:14]} Rd7
{[%clk 0:33:23]} 23. Red2 {[%clk 0:27:36]} Rad8 {[%clk 0:32:33]} 24. Bc2 {[%clk
0:24:11]} f6 {[%clk 0:21:33]} 25. Ke2 {[%clk 0:19:13]} b5 {[%clk 0:17:40]} 26.
Be4 {[%clk 0:12:17]} bxc4 {[%clk 0:17:01]} 27. Bxc6 {[%clk 0:11:51]} c3 {[%clk
0:13:27]} 28. Bxd7 {[%clk 0:06:42]} cxd2 {[%clk 0:13:32]} 29. Bc6 {[%clk
0:06:47]} Rxd4 {[%clk 0:12:29]} 30. exf6+ {[%clk 0:06:34]} Kxf6 {[%clk
0:12:35]} 31. Rxd2 {[%clk 0:06:51]} Rc4 {[%clk 0:13:03]} 32. Bf3 {[%clk
0:06:15]} Nb5 {[%clk 0:13:06]} 33. Rb2 {[%clk 0:05:13]} Nd6 {[%clk 0:10:11]}
34. g3 {[%clk 0:03:59]} Ra4 {[%clk 0:10:15]} 35. Bc6 {[%clk 0:00:49]} Ra3
{[%clk 0:09:47]} 36. Rd2 {[%clk 0:00:54]} Nf5 {[%clk 0:09:23]} 37. Be4 Ke5
{[%clk 0:08:19]} 38. Bxf5 {[%clk 0:00:56]} exf5 {[%clk 0:08:47]} 39. f3 {[%clk
0:00:56]} g5 {[%clk 0:07:32]} 40. Kf2 {[%clk 0:00:48]} Ra5 {[%clk 0:02:40]} 41.
Ke2 {[%clk 0:27:48]} h5 {[%clk 0:31:49]} 42. h3 {[%clk 0:25:49]} Rb5 {[%clk
0:25:21]} 43. Ke3 {[%clk 0:22:47]} Rb4 {[%clk 0:21:02]} 44. Rc2 {[%clk
0:12:43]} Ra4 {[%clk 0:16:55]} 45. Rc5+ {[%clk 0:11:49]} Ke6 {[%clk 0:17:09]}
46. Rc2 {[%clk 0:10:04]} Kd5 {[%clk 0:17:36]} 47. Rd2+ {[%clk 0:07:56]} Ke5
{[%clk 0:18:03]} 48. Ke2 {[%clk 0:07:22]} Ra5 {[%clk 0:13:58]} 49. Ke3 {[%clk
0:07:32]} Ra3+ {[%clk 0:13:58]} 50. Ke2 {[%clk 0:07:56]} Rc3 {[%clk 0:13:54]}
51. Kf2 {[%clk 0:07:41]} Rc1 {[%clk 0:13:15]} 52. Rb2 {[%clk 0:05:26]} Kd4
{[%clk 0:10:25]} 53. g4 {[%clk 0:04:18]} hxg4 {[%clk 0:09:35]} 54. hxg4 {[%clk
0:04:35]} f4 {[%clk 0:08:29]} 55. Ke2 {[%clk 0:03:46]} Kc4 {[%clk 0:05:55]} 56.
Kf2 {[%clk 0:01:45]} Kd3 {[%clk 0:04:31]} 57. Rb3+ {[%clk 0:00:51]} Rc3 {[%clk
0:04:00]} 58. Rb5 {[%clk 0:01:03]} Rc2+ {[%clk 0:04:17]} 59. Kg1 {[%clk
0:01:04]} Rxa2 {[%clk 0:03:31]} 60. Rxg5 {[%clk 0:01:25]} Ke3 {[%clk 0:03:53]}
61. Rf5 {[%clk 0:00:36]} Kxf3 {[%clk 0:04:13]} 62. g5 {[%clk 0:01:03]} Kg3
{[%clk 0:04:29]} 63. Kf1 {[%clk 0:00:45]} f3 {[%clk 0:04:54]} 64. Re5 {[%clk
0:00:48]} Ra1+ {[%clk 0:05:17]} 65. Re1 {[%clk 0:01:12]} Rxe1+ {[%clk 0:05:44]}
66. Kxe1 {[%clk 0:01:39]} Kg2 {[%clk 0:06:09]} 0-1